000 00608nam a22001817a 4500
005 20251108164912.0
008 250721s2002 xx 000 0 ara d
082 1 4 _a723.3/مال
100 1 _aالمالكي، قبيلة فارس
245 1 0 _aالهندسة و الرياضيات في العمارة :
_bدراسة في التناسب و المنظمات التناسبية /
264 1 _aعمان :
_bدار الصفاء،
_c2002.
300 _a392ص
650 1 7 _aالعمارة الإسلامية
650 1 7 _aالرياضيات
650 1 7 _aالفنون
942 _2ddc
_cBK
999 _c17070
_d17070